SOCIAL & PREVENTIVE MEDICINE (Record no. 545282)

MARC details
000 -LEADER
fixed length control field 00347pam a2200157a 44500
008 - FIXED-LENGTH DATA ELEMENTS--GENERAL INFORMATION
fixed length control field 230515b1988 xxu||||| |||| 00| 0 eng d
020 ## - INTERNATIONAL STANDARD BOOK NUMBER
International Standard Book Number NULL
041 ## - LANGUAGE CODE
Language code of text/sound track or separate title ENG
082 ## - DEWEY DECIMAL CLASSIFICATION NUMBER
Classification number 614
100 ## - MAIN ENTRY--PERSONAL NAME
Personal name BEDI YASH PAL
245 ## - TITLE STATEMENT
Title SOCIAL & PREVENTIVE MEDICINE
250 ## - EDITION STATEMENT
Edition statement 0
260 ## - PUBLICATION, DISTRIBUTION, ETC.
Place of publication, distribution, etc. NULL
Name of publisher, distributor, etc. ATMA RAM & SONS
Date of publication, distribution, etc. 1988
300 ## - PHYSICAL DESCRIPTION
Extent 73
650 ## - SUBJECT ADDED ENTRY--TOPICAL TERM
Topical term or geographic name entry element PSM
Holdings
Withdrawn status Lost status Damaged status Not for loan Home library Current library Shelving location Date acquired Source of acquisition Cost, normal purchase price Total Checkouts Full call number Barcode Date last seen Price effective from Koha item type
        Homoeopathic Medical College, Pune Homoeopathic Medical College, Pune   01/01/1980 NULL 55.00   614 HCP-UG-2624 28/06/2023 28/06/2023 Book